00788nam a22002177a 4500999001900000005001700019010001500036020002600051035001400077037001300091082001100104100002500115245005900140250001200199260002900211270013000240300002200370500001900392942002500411952013400436 c175169d17516920210726170028.0 aENG-128344 c939.00a9789353946142 aEN-111876 bDBAD/PUB a006.76 a Sebesta , Robert W. aProgramming the World Wide Web/cby Robert W. Sebesta  a8th ed. aNew DelhibPearsonc2021 a15th floor,Tower-B,Word Trade Tower,Plot no.1,Block-C sec 16,bNoidae201301k04466540100mcompanysecretary.india@pearson.com a712p..c24cm(pbk) aincludes index 2ddccENh006.76mSEB 001040708NFICaLbLd2020-08-11eDBAD/PUBg939.00l7m5o006.76 SEBpEN-111876r2023-04-13 00:00:00s2023-03-31t1v939.00yEN